Phép tính vi phân và tích phân của hàm nhiều biến số : Giáo trình Cao đẳng Sư phạm

Nội dung cuốn sách nghiên cứu lí thuyết giới hạn và liên tục của hàm số nhiều biến số, sự hội tụ và hội tụ đều của dãy số và dãy hàm, lí thuyết về phép tính vi phân và tích phân của hàm số nhiều biến số....

Täydet tiedot

Tallennettuna:
Bibliografiset tiedot
Päätekijä: Nguyễn, Mạnh Quý
Aineistotyyppi: Kirja
Kieli:Undetermined
Julkaistu: Hà Nội Đại học Sư Phạm 2006
Aiheet:
Tagit: Lisää tagi
Ei tageja, Lisää ensimmäinen tagi!
Thư viện lưu trữ: Trung tâm Học liệu Trường Đại học Cần Thơ
LEADER 01075nam a2200217Ia 4500
001 CTU_112782
008 210402s9999 xx 000 0 und d
020 |c 65000 
082 |a 515.84 
082 |b Qu600 
100 |a Nguyễn, Mạnh Quý 
245 0 |a Phép tính vi phân và tích phân của hàm nhiều biến số : 
245 0 |b Giáo trình Cao đẳng Sư phạm 
245 0 |c Nguyễn Mạnh Quý, Nguyễn Xuân Liêm 
260 |a Hà Nội 
260 |b Đại học Sư Phạm 
260 |c 2006 
520 |a Nội dung cuốn sách nghiên cứu lí thuyết giới hạn và liên tục của hàm số nhiều biến số, sự hội tụ và hội tụ đều của dãy số và dãy hàm, lí thuyết về phép tính vi phân và tích phân của hàm số nhiều biến số. 
650 |a Calculus, differential,Calculus, integral.,Functions of several real variables 
904 |i Minh 
980 |a Trung tâm Học liệu Trường Đại học Cần Thơ